[Event "Mittelfrank Regionalliga Nord-West 2122"]
[Site "Mittelfranken"]
[Date "2021.10.24"]
[Round "1.8"]
[White "Treibel, Michael"]
[Black "Kuespert, Helmut"]
[Result "1/2-1/2"]
[WhiteElo "1826"]
[BlackElo "1881"]
[PlyCount "139"]
[EventDate "2021.10.24"]
[EventType "team-tourn"]
[EventRounds "9"]
[EventCountry "GER"]
[SourceTitle "EXT 2024"]
[Source "ChessBase"]
[SourceDate "2023.10.10"]
[SourceVersion "1"]
[SourceVersionDate "2023.10.10"]
[SourceQuality "1"]
[WhiteTeam "Bad Neustadt"]
[BlackTeam "Marktleuthen"]
[WhiteTeamCountry "GER"]
[BlackTeamCountry "GER"]

1. d4 Nf6 2. Nf3 g6 3. Bf4 Bg7 4. h3 c5 5. e3 b6 6. Nbd2 Bb7 7. c3 d6 8. a4 a6 9. Bd3 Nbd7 10. e4 0-0 11. 0-0 Re8 12. d5 h6 13. Qb3 Qc7 14. Nc4 g5 15. Bh2 Nh5 16. Ne3 Ne5 17. Nxe5 dxe5 18. Bc4 Nf4 19. Rfd1 Rad8 20. Nf5 Bf8 21. Bxf4 gxf4 22. Rd3 Bc8 23. Nh4 Qd6 24. Kh2 Qf6 25. g3 Kh7 26. Rf3 h5 27. Rf1 Bh6 28. Ng2 Rg8 29. Bd3 Rg7 30. Nh4 Rdg8 31. Nf5 Bxf5 32. exf5 Ra8 33. Be4 Rb8 34. Qc4 a5 35. Re1 Rgg8 36. Qe2 Kh8 37. Bc2 fxg3+ 38. fxg3 Bg7 39. Re3 Qg5 40. Re4 Bf6 41. Qf3 Qh6 42. Bd1 h4 43. gxh4 Bxh4 44. Rxh4 Qxh4 45. Re4 Qg5 46. Qf2 Rg7 47. Rxe5 Rbg8 48. Bg4 Qh6 49. Kg3 Qd6 50. Qf4 Rd8 51. c4 f6 52. Re6 Qxf4+ 53. Kxf4 Rd6 54. Re3 Rh7 55. Kg3 Kg8 56. h4 Kf7 57. h5 Rh6 58. Kf4 Ke8 59. Be2 Kf7 60. Rg3 Rd8 61. Rg6 Rxg6 62. fxg6+ Kg7 63. Kf5 Rd6 64. Bg4 Kh6 65. Kf4 Kg7 66. Bf5 Kh6 67. Kg4 Kg7 68. Be6 Kh6 69. Bf7 Kg7 70. Kf5 1/2-1/2

[Event "Regionalliga NW 1617"]
[Site "Bayern"]
[Date "2017.04.30"]
[Round "9.8"]
[White "Treibel, Michael"]
[Black "Schillig, Gert"]
[Result "1/2-1/2"]
[WhiteElo "1766"]
[BlackElo "1839"]
[PlyCount "52"]
[EventDate "2016.10.16"]
[EventType "team-tourn"]
[EventRounds "9"]
[EventCountry "GER"]
[SourceTitle "EXT 2019"]
[Source "ChessBase"]
[SourceDate "2018.10.10"]
[SourceVersion "1"]
[SourceVersionDate "2018.10.10"]
[SourceQuality "1"]
[WhiteTeam "Bad Neustadt"]
[BlackTeam "Weidhausen"]
[WhiteTeamCountry "GER"]
[BlackTeamCountry "GER"]

1. d4 Nf6 2. Nf3 g6 3. Bf4 Bg7 4. c4 d6 5. Nc3 0-0 6. Qd2 Nbd7 7. h3 c6 8. e4 Re8 9. 0-0-0 Qa5 10. Qc2 e5 11. dxe5 dxe5 12. Be3 Qc7 13. Nd2 b6 14. Be2 Nf8 15. g3 Ne6 16. Nb3 Bf8 17. a3 a6 18. f3 Bb7 19. c5 bxc5 20. Bc4 Nd4 21. Qf2 Rad8 22. Nd2 Qe7 23. h4 h5 24. Rhf1 Bc8 25. Bg5 Qd6 26. g4 Rd7 1/2-1/2

[Event "Unterfranken-ch HT 52th"]
[Site "Massbach"]
[Date "2001.04.17"]
[Round "2"]
[White "Treibel, Michael"]
[Black "Heuberger, Josef"]
[Result "0-1"]
[WhiteElo "1576"]
[BlackElo "1569"]
[PlyCount "76"]
[EventDate "2001.04.16"]
[EventType "swiss"]
[EventRounds "9"]
[EventCountry "GER"]
[SourceTitle "EXT 2015"]
[Source "ChessBase"]
[SourceDate "2014.11.20"]
[SourceVersion "1"]
[SourceVersionDate "2014.11.20"]
[SourceQuality "1"]

1. d4 Nf6 2. c4 g6 3. Bg5 Bg7 4. e3 d6 5. Nc3 c6 6. Nf3 0-0 7. Qc2 Nbd7 8. Bd3 Qc7 9. Rd1 e5 10. d5 Nc5 11. Bxf6 Bxf6 12. dxc6 bxc6 13. 0-0 Bg7 14. Ng5 Rb8 15. Nge4 Nxd3 16. Rxd3 Rd8 17. Rfd1 Bf5 18. Qe2 Rd7 19. Rxd6 Rxd6 20. Rxd6 Qb6 21. b3 h5 22. Na4 Qb4 23. Nec5 Bf8 24. Rxc6 Rd8 25. e4 Rd2 26. Qf1 Be6 27. g3 Bg4 28. f3 Bh3 29. Qc1 Rc2 30. Qd1 Rxa2 31. Qc1 Rc2 32. Qd1 Ra2 33. Kh1 Rf2 34. Nd3 Rd2 35. Qb1 Rxd3 36. Kg1 Qd2 37. Qb2 Qd1+ 38. Kf2 Rd2+ 0-1